Fr. Conceicao Rodrigues College of Engineering

Management Accounting:Text (Record no. 30526)

MARC details
000 -LEADER
fixed length control field 00326nam a2200145Ia 4500
082 ## - DEWEY DECIMAL CLASSIFICATION NUMBER
Classification number 658.1511/KHA
Item number KHA
100 ## - MAIN ENTRY--PERSONAL NAME
Personal name Khan/M.Y/ Jain/P.K
250 ## - EDITION STATEMENT
Edition statement 4
245 ## - TITLE STATEMENT
Title Management Accounting:Text
260 ## - PUBLICATION, DISTRIBUTION, ETC.
Name of publisher, distributor, etc. Tata Mc Graw hill
Place of publication, distribution, etc. New Delhi
Date of publication, distribution, etc. 2007
366 ## - TRADE AVAILABILITY INFORMATION
Publishers's discount category 15
546 ## - LANGUAGE NOTE
Language note ENGLISH
654 ## - SUBJECT ADDED ENTRY--FACETED TOPICAL TERMS
Focus term management
942 ## - ADDED ENTRY ELEMENTS (KOHA)
Koha item type BOOK
Holdings
Withdrawn status Lost status Damaged status Not for loan Collection Home library Current library Date acquired Source of acquisition Cost, normal purchase price Inventory number Total Checkouts Full call number Barcode Date last seen Date last checked out Cost, replacement price Price effective from Koha item type
        CRC Fr. Agnel's C.Rodrigues College of Engineering Fr. Agnel's C.Rodrigues College of Engineering 17/03/2023 Educational Books 369.75 132 dt 20/12/2008 1 658.1511/KHA KHA 19174 03/07/2024 03/07/2024 435.00   BOOK
        CRC Fr. Agnel's C.Rodrigues College of Engineering Fr. Agnel's C.Rodrigues College of Engineering 17/03/2023 Educational Books 369.75 132 dt 20/12/2008   658.1511/KHA KHA 19175 17/03/2023   435.00   BOOK